000
00316nam a22001217a 4500
008
200131b ||||| |||| 00| 0 eng d
020
_a
9789384323219
082
_a
005.131 LII
100
_a
LINZ, Peter
245
_a
Introduction to Formal Languages and Automata
250
_a
Page-449
260
_b
JONES Bartlett
_c
2019
999
_c
8448
_d
8448